UEFA Champions League: 40+ Goal Contributions (2000-) - Statistics

General Stats
  • This quiz has been taken 24 times
  • The average score is 33 of 34
Answer Stats
Ranking Player Positions Nationality Matches Goals (assists) Periods Clubs % Correct
11 Ángel Di María MF, FW 116 24 (40) 2007-2008, 2010-2013, 2015-2025
100%
14 Antoine Griezmann MF, FW 105 42 (15) 2013-2025
100%
1 Cristiano Ronaldo MF, FW 183 140 (45) 2003-2022
100%
15 Didier Drogba FW 93 44 (13) 2003-2015
100%
17 Erling Haaland FW 48 49 (5) 2019-2025
100%
20 Harry Kane FW 57 40 (11) 2016-2019, 2022-2025
100%
4 Karim Benzema FW 152 90 (28) 2005-2023
100%
29 Kevin De Bruyne MF, FW 79 16 (26) 2011-2012, 2013-2014, 2015-2025
100%
6 Kylian Mbappé MF, FW 87 55 (24) 2016-2025
100%
2 Lionel Messi MF, FW 163 129 (41) 2004-2023
100%
21 Luis Suárez FW 73 27 (23) 2010-2011, 2014-2022
100%
12 Mohamed Salah MF, FW 88 47 (17) 2013-2015, 2017-2022, 2024-2025
100%
7 Neymar MF, FW 81 43 (33) 2013-2023
100%
23 Raheem Sterling MF, FW 88 27 (20) 2014-2022, 2024-2025
100%
9 Raúl FW 97 50 (19) 2000-2011
100%
3 Robert Lewandowski FW 133 105 (21) 2011-2025
100%
22 Sergio Agüero FW 79 41 (9) 2008-2009, 2011-2022
100%
13 Thierry Henry FW 95 42 (20) 2000-2009, 2011-2012
100%
5 Thomas Müller MF, FW 163 57 (28) 2008-2025
100%
8 Zlatan Ibrahimović FW 124 48 (25) 2002-2015, 2017-2018, 2021-2022
100%
25 Arjen Robben MF, FW 110 31 (16) 2002-2019
95%
33 Edin Džeko FW 75 29 (12) 2009-2010, 2011-2015, 2017-2018, 2021-2023
95%
31 Edinson Cavani MF, FW 70 35 (7) 2011-2012, 2013-2022
95%
27 Frank Lampard MF 105 23 (22) 2003-2015
95%
16 Ryan Giggs MF, FW 109 18 (37) 2000-2014
95%
26 Samuel Eto'o FW 75 30 (16) 2001-2002, 2004-2010, 2013-2014
95%
24 Wayne Rooney MF, FW 85 30 (17) 2004-2013, 2015-2016
95%
34 Xavi MF 135 10 (30) 2000-2002, 2004-2015
95%
32 Andrés Iniesta MF 130 11 (30) 2002-2003, 2004-2018
90%
30 Andriy Shevchenko FW 73 32 (10) 2000-2001, 2002-2007, 2009-2010
90%
28 Cesc Fàbregas MF, FW 104 20 (23) 2004-2015, 2017-2018
90%
18 Kaká MF, FW 85 30 (22) 2003-2007, 2009-2014
90%
10 Ruud van Nistelrooy FW 63 48 (17) 2001-2010
90%
19 Vinicius Júnior MF, FW 68 29 (22) 2018-2025
90%
No matching quizzes found
Score Distribution
Percent of People with Each Score
Percentile by Number Answered
Your Score History
You have not taken this quiz